Actor Anagrams #3 - Statistics

General Stats
  • This quiz has been taken 8 times
  • The average score is 5 of 10
Answer Stats
Hint Answer % Correct
Dat Man tom Matt Damon
86%
a niChe Jack Jackie Chan
71%
eveR Keen usa Keanu Reeves
71%
sKi aluMni Mila Kunis
71%
With millS Will Smith
71%
even SicK pay Kevin Spacey
57%
sang in GloRy Ryan Gosling
43%
SEnt a memo Emma Stone
29%
me Song Pig Simon Pegg
29%
Linear Bros Brie Larson
14%
No matching quizzes found
Score Distribution
Percent of People with Each Score
Percentile by Number Answered
Your Score History
You have not taken this quiz